| 000 | 00748nam a2200241Ia 4500 | ||
|---|---|---|---|
| 005 | 20250117103624.0 | ||
| 008 | 008 250103s9999 xx 000 0 eng d | ||
| 020 | _a9781009166157 | ||
| 037 | _aTextual | ||
| 040 |
_aCSL _beng _cCSL |
||
| 041 |
_aeng _2eng |
||
| 084 |
_aB28931 R3 _qCSL |
||
| 100 |
_aBoumal, Nicolas _9729154 |
||
| 245 | 0 |
_aIntroduction to optimization on smoth manifolds _cBoumal, Nicolas |
|
| 260 |
_aCambridge _bCambridge University Press _c2023 |
||
| 300 | _axviii, 338p. ill. | ||
| 650 |
_a Additional tools _9734276 |
||
| 650 |
_a Embedded geometry _9734277 |
||
| 650 |
_a Quotient manifolds _9734278 |
||
| 650 | _aOperational Research | ||
| 942 |
_cTEXL _hB28931 R3 |
||
| 999 |
_c1237906 _d1237906 |
||